<?xml version="1.0" encoding="UTF-8"?><record xmlns="http://www.loc.gov/MARC21/slim" xmlns:zs="http://docs.oasis-open.org/ns/search-ws/sruResponse">
  <leader>03103cim a22006497a 4500</leader>
  <controlfield tag="001">13697000</controlfield>
  <controlfield tag="005">20250606211751.3</controlfield>
  <controlfield tag="007">sd dmsenntplua</controlfield>
  <controlfield tag="008">040824s1920    nyunnn         l    eng  </controlfield>
  <datafield ind1=" " ind2=" " tag="035">
    <subfield code="a">13697000</subfield>
  </datafield>
  <datafield ind1=" " ind2=" " tag="906">
    <subfield code="a">7</subfield>
    <subfield code="b">cbc</subfield>
    <subfield code="c">orignew</subfield>
    <subfield code="d">2</subfield>
    <subfield code="e">ncip</subfield>
    <subfield code="f">20</subfield>
    <subfield code="g">y-soundrec</subfield>
  </datafield>
  <datafield ind1=" " ind2=" " tag="955">
    <subfield code="a">qu55 2004-08-24</subfield>
  </datafield>
  <datafield ind1=" " ind2=" " tag="955">
    <subfield code="a">LCAP batch update 2025-06-01-04:00: LCAPM-1017</subfield>
  </datafield>
  <datafield ind1=" " ind2=" " tag="010">
    <subfield code="a">  2004650660</subfield>
  </datafield>
  <datafield ind1="1" ind2="0" tag="028">
    <subfield code="a">49852-2</subfield>
    <subfield code="b">Nation's Forum</subfield>
  </datafield>
  <datafield ind1="0" ind2="0" tag="033">
    <subfield code="a">1920618</subfield>
  </datafield>
  <datafield ind1=" " ind2=" " tag="040">
    <subfield code="a">DLC</subfield>
    <subfield code="c">DLC</subfield>
    <subfield code="d">DLC</subfield>
  </datafield>
  <datafield ind1=" " ind2=" " tag="043">
    <subfield code="a">n-us---</subfield>
  </datafield>
  <datafield ind1="0" ind2="0" tag="050">
    <subfield code="a">NCPB 03138</subfield>
  </datafield>
  <datafield ind1=" " ind2=" " tag="051">
    <subfield code="a">NCPBX 00726</subfield>
    <subfield code="c">Copy 2</subfield>
  </datafield>
  <datafield ind1=" " ind2=" " tag="051">
    <subfield code="a">NCPBX 00727</subfield>
    <subfield code="c">Copy 3</subfield>
  </datafield>
  <datafield ind1=" " ind2=" " tag="051">
    <subfield code="a">NCPBX 07798</subfield>
    <subfield code="c">Copy 4. Handwritten on outer edge of uncut test pressing: Speech B.</subfield>
  </datafield>
  <datafield ind1="1" ind2=" " tag="100">
    <subfield code="a">Coolidge, Calvin,</subfield>
    <subfield code="d">1872-1933.</subfield>
    <subfield code="4">spk</subfield>
  </datafield>
  <datafield ind1="1" ind2="0" tag="245">
    <subfield code="a">America and the war</subfield>
    <subfield code="h">[sound recording] /</subfield>
    <subfield code="c">Calvin Coolidge.</subfield>
  </datafield>
  <datafield ind1=" " ind2="3" tag="264">
    <subfield code="a">[New York] :</subfield>
    <subfield code="b">Nation's Forum,</subfield>
    <subfield code="c">1920.</subfield>
  </datafield>
  <datafield ind1=" " ind2=" " tag="300">
    <subfield code="a">1 sound disc (3 min., 41 sec.) :</subfield>
    <subfield code="b">analog, 78 rpm, mono. ;</subfield>
    <subfield code="c">12 in.</subfield>
  </datafield>
  <datafield ind1=" " ind2=" " tag="306">
    <subfield code="a">000341</subfield>
  </datafield>
  <datafield ind1=" " ind2=" " tag="336">
    <subfield code="a">spoken word</subfield>
    <subfield code="b">spw</subfield>
    <subfield code="2">rdacontent</subfield>
  </datafield>
  <datafield ind1=" " ind2=" " tag="337">
    <subfield code="a">audio</subfield>
    <subfield code="b">s</subfield>
    <subfield code="2">rdamedia</subfield>
  </datafield>
  <datafield ind1=" " ind2=" " tag="338">
    <subfield code="a">audio disc</subfield>
    <subfield code="b">sd</subfield>
    <subfield code="2">rdacarrier</subfield>
  </datafield>
  <datafield ind1=" " ind2=" " tag="500">
    <subfield code="a">Nation's Forum: 49852-2 (matrix).</subfield>
  </datafield>
  <datafield ind1=" " ind2=" " tag="500">
    <subfield code="a">Take 2.</subfield>
  </datafield>
  <datafield ind1=" " ind2=" " tag="500">
    <subfield code="a">Sound quality: very good.</subfield>
  </datafield>
  <datafield ind1=" " ind2=" " tag="500">
    <subfield code="a">Single-sided vinyl custom pressing of an original master recording made by the Columbia Graphophone Company; issued as an unnumbered Nation's Forum series matrix number 49852.</subfield>
  </datafield>
  <datafield ind1=" " ind2=" " tag="500">
    <subfield code="a">Handwritten label.</subfield>
  </datafield>
  <datafield ind1=" " ind2=" " tag="500">
    <subfield code="a">Production level cataloging.</subfield>
  </datafield>
  <datafield ind1="4" ind2=" " tag="510">
    <subfield code="a">Rigler and Deutsch index,</subfield>
    <subfield code="c">DLC 308/0379</subfield>
  </datafield>
  <datafield ind1="4" ind2=" " tag="510">
    <subfield code="a">Goldenberg, D. "Nation's Forum : a history and discography," The Discographer,</subfield>
    <subfield code="c">v. 2, n. 4</subfield>
  </datafield>
  <datafield ind1="0" ind2=" " tag="511">
    <subfield code="a">Calvin Coolidge, speaker.</subfield>
  </datafield>
  <datafield ind1=" " ind2=" " tag="518">
    <subfield code="a">Recorded June 18, 1920, New York, N.Y.</subfield>
  </datafield>
  <datafield ind1=" " ind2=" " tag="520">
    <subfield code="a">Speech by Calvin Coolidge, Governor of Massachusetts. "Works which endure come from the soul of the people. The mighty in their pride walk alone to destruction. The humble walk hand in hand with providence to immortality."</subfield>
  </datafield>
  <datafield ind1=" " ind2=" " tag="530">
    <subfield code="a">Also available in digital form on the Library of Congress Web site.</subfield>
  </datafield>
  <datafield ind1=" " ind2=" " tag="540">
    <subfield code="a">Digital version reproduced by the Library of Congress through the generosity of the family of Guy Golterman and with the cooperation of CBS-Sony Records and the Recording Industry Association of America.</subfield>
  </datafield>
  <datafield ind1=" " ind2=" " tag="588">
    <subfield code="a">Source used: M/B/RS Recorded Sound Section Subjects files; discographical sources.</subfield>
  </datafield>
  <datafield ind1="1" ind2="0" tag="600">
    <subfield code="a">Coolidge, Calvin,</subfield>
    <subfield code="d">1872-1933</subfield>
    <subfield code="x">Political and social views.</subfield>
  </datafield>
  <datafield ind1=" " ind2="0" tag="650">
    <subfield code="a">Speeches, addresses, etc., American.</subfield>
  </datafield>
  <datafield ind1=" " ind2="0" tag="650">
    <subfield code="a">Political oratory</subfield>
    <subfield code="z">United States.</subfield>
  </datafield>
  <datafield ind1=" " ind2="0" tag="650">
    <subfield code="a">World War, 1914-1918</subfield>
    <subfield code="z">United States.</subfield>
  </datafield>
  <datafield ind1=" " ind2="0" tag="650">
    <subfield code="a">Live sound recordings.</subfield>
  </datafield>
  <datafield ind1=" " ind2="0" tag="650">
    <subfield code="a">Test pressings (Sound recordings)</subfield>
  </datafield>
  <datafield ind1=" " ind2="0" tag="651">
    <subfield code="a">United States</subfield>
    <subfield code="x">Politics and government</subfield>
    <subfield code="y">1913-1921.</subfield>
  </datafield>
  <datafield ind1=" " ind2="7" tag="655">
    <subfield code="a">Alternate takes (Sound recordings)</subfield>
    <subfield code="2">lcgft</subfield>
  </datafield>
  <datafield ind1="2" ind2=" " tag="710">
    <subfield code="a">Nation's Forum Collection (Library of Congress)</subfield>
    <subfield code="5">DLC</subfield>
  </datafield>
  <datafield ind1="2" ind2=" " tag="710">
    <subfield code="a">A.F.R. Lawrence Collection (Library of Congress)</subfield>
    <subfield code="5">DLC</subfield>
  </datafield>
  <datafield ind1="4" ind2="1" tag="856">
    <subfield code="3">digital audio</subfield>
    <subfield code="d">nforum</subfield>
    <subfield code="f">9000049</subfield>
    <subfield code="u">http://hdl.loc.gov/loc.mbrsrs/nforum.9000049</subfield>
  </datafield>
  <datafield ind1=" " ind2=" " tag="985">
    <subfield code="a">natfor</subfield>
    <subfield code="e">ammem</subfield>
  </datafield>
  <datafield ind1=" " ind2=" " tag="985">
    <subfield code="a">coolbib</subfield>
  </datafield>
</record>
